000 00485cam a2200169 4500
001 D12458
008 090401t1911 xxu||||| |||| 00| 0 eng d
035 _a(Sirsi) u3641
041 _aeng
110 _aCongres National et International de Geometres (1910)
_9416
245 _aCongres National ... comptes-rendus et rapports
260 _aBruxelles
_c1911
350 _a0
520 _aShelf 178 ; See also another copy - not identical content
942 _n0
948 _c04/03/1997
999 _c85914
_d85914